000 00627nam a2200217 i 4500
003 DO-SdBNP
005 20230630111410.0
007 ta
008 230627b2011 dr ac||| |||| 00| 0 spa d
040 _aDO-SdBNP
_bspa
_cBNPHU
_erda
082 4 _bS437
_222
245 1 0 _aSe llama Jesús 4 :
_breligión católica - nivel medio
264 1 _aSanto Domingo :
_bSM,
_c2011.
300 _a144 páginas :
_bilustraciones, retratos ;
_c30 cm.
336 _2rdacontent
_atexto
_btxt
337 _2rdamedia
_asin mediación
_bn
338 _2rdacarrier
_avolumen
_bnc
590 _aInventariado, 2023/DG
910 _aDG
942 _2ddc
_cLBS1
999 _c54027
_d54027